PRACTICAL TRAINING IN MINES (Record no. 5397)

MARC details
000 -LEADER
fixed length control field 00298nam a22001337a 4500
005 - DATE AND TIME OF LATEST TRANSACTION
control field 20170401155159.0
008 - FIXED-LENGTH DATA ELEMENTS--GENERAL INFORMATION
fixed length control field 170401b xxu||||| |||| 00| 0 eng d
041 ## - LANGUAGE CODE
Language code of text/sound track or separate title eng
100 ## - MAIN ENTRY--AUTHOR NAME
Personal name KAKU,L.C
245 ## - TITLE STATEMENT
Title PRACTICAL TRAINING IN MINES
300 ## - PHYSICAL DESCRIPTION
Number of Pages 148
650 ## - SUBJECT ADDED ENTRY--TOPICAL TERM
Topical Term MINING
942 ## - ADDED ENTRY ELEMENTS (KOHA)
Koha item type Books
Holdings
Lost status Damaged status Collection code Home library Current library Shelving location Date acquired Source of acquisition Cost, normal purchase price Full call number Accession Number Koha item type
    MINING JRU Library JRU Library SHELF-100-B 10/11/2023 PURCHASE 125.00 622 21645 Books
    MINING JRU Library   SHELF-6-C 14/02/2023 PURCHASE 125.00 622 21646 Books
    MINING JRU Library JRU Library SHELF-100-B 07/05/2024 PURCHASE 125.00 622 21647 Books